Normal view
MARC view
- Muhammad Bilal Haroon
Entry Personal Name
001 - CONTROL NUMBER
- control field: 98821
003 - CONTROL NUMBER IDENTIFIER
- control field: NUST
005 - DATE AND TIME OF LATEST TRANSACTION
- control field: 20220907162121.0
008 - FIXED-LENGTH DATA ELEMENTS
- fixed length control field: 220907|| aca||aabn | a|a d
040 ## - CATALOGING SOURCE
- Original cataloging agency: NUST
- Transcribing agency: NUST
100 ## - HEADING--PERSONAL NAME
- Personal name: Muhammad Bilal Haroon
670 ## - SOURCE DATA FOUND
- Source citation: Work cat.: (NUST)13674: Muhammad Bilal Haroon, Stochastic modeling of cooperative multi-hop networks with lognormal-rice fading, 2015
